| 000 | 01182nam a22003137i 4500 | ||
|---|---|---|---|
| 003 | EG-ScBUE | ||
| 005 | 20240523093222.0 | ||
| 008 | 220731s2020 ua o f 000 0 ara d | ||
| 017 | _a2020 / 11200 | ||
| 020 | _a9789772369812 | ||
| 040 |
_aEG-ScBUE _bara _erda _cEG-ScBUE _dEG-ScBUE |
||
| 043 | _af-ua--- | ||
| 082 | 0 | 4 |
_222 _a342.62 _bق ا ض |
| 100 | 1 |
_aقاضي، خالد محمد، _d1967- _eمؤلف. |
|
| 245 | 1 | 2 |
_aالوعي الدستوري : _bمفاهيم .. وتطبيقات / _cتأليف خالد محمد القاضي. |
| 250 | _aالطبعة الأولى. | ||
| 264 | 1 |
_aالقاهرة : _bدار الجمهورية للصحافة، _c2020. |
|
| 300 |
_a364 صفحة : _bصور ؛ _c24 سم. |
||
| 336 |
_2rdacontent _aنص _btxt |
||
| 337 |
_2rdamedia _aبدون وسيط _bn |
||
| 338 |
_2rdacarrier _aمجلد _bnc |
||
| 490 | 0 | _aسلسلة كتاب الجمهورية | |
| 541 |
_cDonation ; _aProf. Hassan Abdel Hamid. |
||
| 650 | 7 |
_aالقانون الدستوري _zمصر. _2BUEsh |
|
| 651 | 7 |
_2BUEsh _aمصر _xالدستور. |
|
| 655 | _vReading book | ||
| 700 | 1 |
_aعبد التواب، محمد حسين، _eمشرف، _eمقدم. |
|
| 942 | _2ddc | ||
| 999 |
_c30757 _d30728 |
||